[Event "Bratislava Slovan op"]
[Site "Bratislava"]
[Date "2023.05.10"]
[Round "6"]
[White "Mazur, Stefan"]
[Black "Nestorenko, Dmitry"]
[Result "1-0"]
[WhiteElo "2460"]
[BlackElo "2138"]
[PlyCount "35"]
[EventDate "2023.05.06"]
[EventType "swiss"]
[EventRounds "7"]
[EventCountry "SVK"]
[SourceTitle "CBM 214 Extra"]
[Source "ChessBase"]
[SourceDate "2023.07.31"]
[SourceVersion "1"]
[SourceVersionDate "2023.07.31"]
[SourceQuality "1"]

1. d4 d5 2. g3 Nf6 3. Bg2 e6 4. c4 c6 5. Nf3 Bd6 6. Qc2 Nbd7 7. Nc3 dxc4 8. 0-0 e5 9. Rd1 Qe7 10. Bg5 h6 11. dxe5 Bxe5 12. Nxe5 Nxe5 13. Bxf6 Qxf6 14. Ne4 Qe6 15. Nd6+ Ke7 16. e4 g6 17. f4 Ng4 18. Qc3 1-0

[Event "Bratislava Slovan op"]
[Site "Bratislava"]
[Date "2023.05.08"]
[Round "4"]
[White "Kebis, Milos"]
[Black "Nestorenko, Dmitry"]
[Result "0-1"]
[WhiteElo "1794"]
[BlackElo "2138"]
[PlyCount "56"]
[EventDate "2023.05.06"]
[EventType "swiss"]
[EventRounds "7"]
[EventCountry "SVK"]
[SourceTitle "CBM 214 Extra"]
[Source "ChessBase"]
[SourceDate "2023.07.31"]
[SourceVersion "1"]
[SourceVersionDate "2023.07.31"]
[SourceQuality "1"]

1. Nf3 d5 2. d4 Nf6 3. c4 e6 4. a3 dxc4 5. Qa4+ Nbd7 6. Qxc4 c5 7. Nc3 cxd4 8. Qxd4 Bc5 9. Qa4 0-0 10. e3 e5 11. Be2 Qe7 12. b4 Bd6 13. Bb2 Nb6 14. Qc2 a5 15. b5 e4 16. Nd4 Bd7 17. h3 Rfe8 18. 0-0 Qe5 19. f4 exf3 20. Rxf3 Qh2+ 21. Kf2 Rac8 22. Nf5 Ne4+ 23. Ke1 Bxf5 24. Rxf5 Qg1+ 25. Bf1 Qxe3+ 26. Qe2 Bg3+ 27. Kd1 Nxc3+ 28. Bxc3 Red8+ 0-1

[Event "SVK-chT2A 2223"]
[Site "Slovakia"]
[Date "2023.03.25"]
[Round "10.3"]
[White "Nestorenko, Dmitry"]
[Black "Doucha, Ludvig"]
[Result "0-1"]
[WhiteElo "2168"]
[BlackElo "1796"]
[PlyCount "103"]
[EventDate "2022.10.08"]
[EventType "team-tourn"]
[EventRounds "11"]
[EventCountry "SVK"]
[SourceTitle "EXT 2024"]
[Source "ChessBase"]
[SourceDate "2023.10.10"]
[SourceVersion "1"]
[SourceVersionDate "2023.10.10"]
[SourceQuality "1"]
[WhiteTeam "Bratislava Slovan IV"]
[BlackTeam "Trnava Lokomotiva"]
[WhiteTeamCountry "SVK"]
[BlackTeamCountry "SVK"]

1. e4 e5 2. Nf3 d6 3. Bc4 c5 4. 0-0 Be7 5. c3 Nf6 6. Qe2 0-0 7. d4 Nc6 8. dxc5 dxc5 9. h3 Qc7 10. Bg5 h6 11. Bxf6 Bxf6 12. Nbd2 Re8 13. Rfd1 Bd7 14. Nf1 Rad8 15. Ne3 Ne7 16. Nd5 Nxd5 17. Bxd5 Bc6 18. c4 Bd7 19. Ne1 Bc8 20. Qh5 Re7 21. Rd3 Kh7 22. Qf3 Rd6 23. Nc2 g6 24. a3 Bg7 25. b4 f5 26. Rad1 Rf6 27. Qe3 b6 28. b5 fxe4 29. Bxe4 Ref7 30. f3 Bf5 31. Qe2 Bxe4 32. Qxe4 Rf4 33. Qd5 Qe7 34. Re1 Qg5 35. Kh2 Qf6 36. Ree3 h5 37. g3 e4 38. gxf4 Qxf4+ 39. Kh1 exd3 40. Qxd3 Be5 41. Qe2 Bd6 42. Ne1 Qf5 43. Qg2 Bf4 44. Re4 Rd7 45. Kg1 Rd2 46. Re2 Rd1 47. Re7+ Kh6 48. Qe2 Rd2 49. Qe6 Qg5+ 50. Kf1 Qg3 51. Rh7+ Kxh7 52. Qf7+ 0-1

[Event "SVK-chT1W 2223"]
[Site "Slovakia"]
[Date "2023.03.11"]
[Round "10.4"]
[White "Nadzamova, Viktoria"]
[Black "Nestorenko, Dmitry"]
[Result "1-0"]
[WhiteElo "2016"]
[BlackElo "2180"]
[PlyCount "33"]
[EventDate "2022.10.15"]
[EventType "team-tourn"]
[EventRounds "11"]
[EventCountry "SVK"]
[SourceTitle "EXT 2024"]
[Source "ChessBase"]
[SourceDate "2023.10.10"]
[SourceVersion "1"]
[SourceVersionDate "2023.10.10"]
[SourceQuality "1"]
[WhiteTeam "Levice"]
[BlackTeam "Bratislava Slovan II"]
[WhiteTeamCountry "SVK"]
[BlackTeamCountry "SVK"]

1. d4 e6 2. Nc3 d5 3. Bf4 Bd6 4. e3 Ne7 5. Qf3 c6 6. Bd3 Ng6 7. Bxd6 Qxd6 8. h4 h5 9. Bxg6 fxg6 10. 0-0-0 Rf8 11. Qe2 b6 12. Qd3 Rf6 13. Nh3 Ba6 14. Qd2 Nd7 15. e4 Qc7 16. Ng5 c5 17. exd5 1-0

[Event "SVK-chT2A 2223"]
[Site "Slovakia"]
[Date "2023.02.12"]
[Round "9.4"]
[White "Kantorik, Marian"]
[Black "Nestorenko, Dmitry"]
[Result "1-0"]
[WhiteElo "2217"]
[BlackElo "2168"]
[PlyCount "59"]
[EventDate "2022.10.08"]
[EventType "team-tourn"]
[EventRounds "11"]
[EventCountry "SVK"]
[SourceTitle "EXT 2024"]
[Source "ChessBase"]
[SourceDate "2023.10.10"]
[SourceVersion "1"]
[SourceVersionDate "2023.10.10"]
[SourceQuality "1"]
[WhiteTeam "Cifer"]
[BlackTeam "Bratislava Slovan IV"]
[WhiteTeamCountry "SVK"]
[BlackTeamCountry "SVK"]

1. d4 d5 2. Nf3 Nf6 3. c4 c6 4. Nc3 Bf5 5. Nh4 Be6 6. cxd5 Nxd5 7. e4 Nb6 8. Be2 g6 9. 0-0 Bg7 10. Nf3 Qc7 11. b3 h6 12. Be3 0-0 13. Rc1 N8d7 14. d5 cxd5 15. Nb5 Qd8 16. Nbd4 Rc8 17. Nxe6 Rxc1 18. Qxc1 fxe6 19. Bxh6 a6 20. Bxg7 Kxg7 21. Nd4 Rf6 22. Bg4 Qg8 23. exd5 Nxd5 24. Re1 e5 25. Nf3 e6 26. Nxe5 Nxe5 27. Rxe5 Qf7 28. Qe1 Nc7 29. h4 Qd7 30. Qe3 1-0

[Event "SVK-chT1W 2223"]
[Site "Slovakia"]
[Date "2023.02.04"]
[Round "8.5"]
[White "Molnar, Erno"]
[Black "Nestorenko, Dmitry"]
[Result "1-0"]
[WhiteElo "2272"]
[BlackElo "2180"]
[PlyCount "79"]
[EventDate "2022.10.15"]
[EventType "team-tourn"]
[EventRounds "11"]
[EventCountry "SVK"]
[SourceTitle "EXT 2024"]
[Source "ChessBase"]
[SourceDate "2023.10.10"]
[SourceVersion "1"]
[SourceVersionDate "2023.10.10"]
[SourceQuality "1"]
[WhiteTeam "Gabcikovo MSK"]
[BlackTeam "Bratislava Slovan II"]
[WhiteTeamCountry "SVK"]
[BlackTeamCountry "SVK"]

1. e4 c5 2. Nf3 Nc6 3. d4 cxd4 4. Nxd4 Nf6 5. Nc3 e6 6. Ndb5 Bb4 7. a3 Bxc3+ 8. Nxc3 d5 9. exd5 exd5 10. Bd3 0-0 11. 0-0 Bg4 12. f3 Be6 13. Bg5 h6 14. Bh4 Qb6+ 15. Kh1 Nd7 16. f4 f5 17. Re1 Nc5 18. Bf2 d4 19. b4 Nxd3 20. Qxd3 Qd8 21. Rxe6 dxc3 22. Qxc3 Qd5 23. Rae1 Rac8 24. Qg3 Kh8 25. c3 Qc4 26. h3 Rcd8 27. Bc5 Rg8 28. Qh4 Kh7 29. Qh5 g6 30. Qh4 Rd7 31. Qf6 Rgg7 32. Re8 Rdf7 33. Qd6 a6 34. a4 Rd7 35. Qf8 Qg8 36. Qf6 Qf7 37. Qxf7 Rgxf7 38. b5 axb5 39. axb5 Na5 40. Bd4 1-0

[Event "SVK-chT1W 2223"]
[Site "Slovakia"]
[Date "2022.12.04"]
[Round "6.3"]
[White "Polacik, Igor"]
[Black "Nestorenko, Dmitry"]
[Result "1/2-1/2"]
[WhiteElo "2122"]
[BlackElo "2180"]
[PlyCount "23"]
[EventDate "2022.10.15"]
[EventType "team-tourn"]
[EventRounds "11"]
[EventCountry "SVK"]
[SourceTitle "EXT 2024"]
[Source "ChessBase"]
[SourceDate "2023.10.10"]
[SourceVersion "1"]
[SourceVersionDate "2023.10.10"]
[SourceQuality "1"]
[WhiteTeam "Bratislava Doprastav"]
[BlackTeam "Bratislava Slovan II"]
[WhiteTeamCountry "SVK"]
[BlackTeamCountry "SVK"]

1. e4 c5 2. Nf3 Nc6 3. d4 cxd4 4. Nxd4 Nf6 5. Nc3 e6 6. Ndb5 Bb4 7. a3 Bxc3+ 8. Nxc3 d5 9. Bd3 dxe4 10. Nxe4 Nxe4 11. Bxe4 Qxd1+ 12. Kxd1 1/2-1/2

[Event "SVK-chT1W 2223"]
[Site "Slovakia"]
[Date "2022.12.03"]
[Round "5.3"]
[White "Ac, Michal"]
[Black "Nestorenko, Dmitry"]
[Result "1/2-1/2"]
[WhiteElo "2072"]
[BlackElo "2180"]
[PlyCount "27"]
[EventDate "2022.10.15"]
[EventType "team-tourn"]
[EventRounds "11"]
[EventCountry "SVK"]
[SourceTitle "EXT 2024"]
[Source "ChessBase"]
[SourceDate "2023.10.10"]
[SourceVersion "1"]
[SourceVersionDate "2023.10.10"]
[SourceQuality "1"]
[WhiteTeam "Bratislava Slovan III"]
[BlackTeam "Bratislava Slovan II"]
[WhiteTeamCountry "SVK"]
[BlackTeamCountry "SVK"]

1. d4 e6 2. Nf3 c5 3. c3 Nf6 4. Bf4 Nc6 5. e3 b6 6. Bd3 Bb7 7. 0-0 Be7 8. h3 0-0 9. Nbd2 Re8 10. Qe2 d6 11. Rfd1 Bf8 12. Bg5 Be7 13. Bf4 Bf8 14. Bg5 1/2-1/2

[Event "SVK-chT2A 2223"]
[Site "Slovakia"]
[Date "2022.11.12"]
[Round "3.3"]
[White "Kavon, Rastislav"]
[Black "Nestorenko, Dmitry"]
[Result "0-1"]
[WhiteElo "2129"]
[BlackElo "2180"]
[PlyCount "56"]
[EventDate "2022.10.08"]
[EventType "team-tourn"]
[EventRounds "11"]
[EventCountry "SVK"]
[SourceTitle "EXT 2024"]
[Source "ChessBase"]
[SourceDate "2023.10.10"]
[SourceVersion "1"]
[SourceVersionDate "2023.10.10"]
[SourceQuality "1"]
[WhiteTeam "Modranka Komplet"]
[BlackTeam "Bratislava Slovan IV"]
[WhiteTeamCountry "SVK"]
[BlackTeamCountry "SVK"]

1. e4 c5 2. Nc3 Nc6 3. g3 g6 4. Bg2 Bg7 5. d3 e6 6. Be3 b6 7. Qd2 Bb7 8. Nge2 d6 9. 0-0 Nd4 10. Bxd4 cxd4 11. Nb5 e5 12. Qb4 Bf8 13. f4 Nf6 14. h3 Be7 15. g4 0-0 16. Qd2 a6 17. Na3 b5 18. Rf2 Nd7 19. g5 f6 20. gxf6 Bxf6 21. Raf1 Bh4 22. Rf3 Qe7 23. Qb4 Nc5 24. c4 Bc6 25. fxe5 Rxf3 26. Rxf3 dxe5 27. cxb5 axb5 28. Nxb5 Ra4 0-1

[Event "SVK-chT1W 2223"]
[Site "Slovakia"]
[Date "2022.11.05"]
[Round "3.2"]
[White "Rucek, Kristian"]
[Black "Nestorenko, Dmitry"]
[Result "1-0"]
[WhiteElo "2158"]
[BlackElo "2180"]
[PlyCount "67"]
[EventDate "2022.10.15"]
[EventType "team-tourn"]
[EventRounds "11"]
[EventCountry "SVK"]
[SourceTitle "EXT 2024"]
[Source "ChessBase"]
[SourceDate "2023.10.10"]
[SourceVersion "1"]
[SourceVersionDate "2023.10.10"]
[SourceQuality "1"]
[WhiteTeam "Dubnica nad Vahom II"]
[BlackTeam "Bratislava Slovan II"]
[WhiteTeamCountry "SVK"]
[BlackTeamCountry "SVK"]

1. d4 e6 2. c4 f5 3. g3 Nf6 4. Bg2 d5 5. Nf3 c6 6. 0-0 Bd6 7. b3 Qe7 8. Ne5 b6 9. cxd5 cxd5 10. Nc4 Bb4 11. a3 Bd6 12. Nxd6+ Qxd6 13. a4 Nc6 14. Nc3 a6 15. Ba3 Qd8 16. Qd2 Kf7 17. Rfc1 Bb7 18. e3 Ne4 19. Nxe4 dxe4 20. f3 Na5 21. Qd1 exf3 22. Bxf3 Bxf3 23. Qxf3 Qd7 24. d5 Rhe8 25. Rd1 Kg8 26. Rab1 Rab8 27. dxe6 Qxe6 28. Rd6 Qe4 29. Qxe4 fxe4 30. Bb4 Red8 31. Rxb6 Nxb3 32. a5 Rxb6 33. axb6 a5 34. Be7 1-0

[Event "SVK-chT1W 2122"]
[Site "Slovakia"]
[Date "2021.11.07"]
[Round "2.4"]
[White "Nestorenko, Dmitry"]
[Black "Barczi, Tibor"]
[Result "1/2-1/2"]
[WhiteElo "2168"]
[BlackElo "2000"]
[PlyCount "62"]
[EventDate "2021.11.06"]
[EventType "team-tourn"]
[EventRounds "11"]
[EventCountry "SVK"]
[SourceTitle "EXT 2023"]
[Source "ChessBase"]
[SourceDate "2022.10.05"]
[SourceVersion "1"]
[SourceVersionDate "2022.10.05"]
[SourceQuality "1"]
[WhiteTeam "Bratislava Slovan II"]
[BlackTeam "Batorove Kosihy"]
[WhiteTeamCountry "SVK"]
[BlackTeamCountry "SVK"]

1. e4 c5 2. Nf3 Nc6 3. c3 e6 4. d4 d5 5. e5 Qb6 6. Qb3 Qxb3 7. axb3 cxd4 8. cxd4 Nge7 9. Be3 Nf5 10. Be2 Bb4+ 11. Nc3 h5 12. 0-0 Bd7 13. h3 Rc8 14. g4 hxg4 15. hxg4 Nxe3 16. fxe3 f6 17. Bb5 Na5 18. Ra4 Bxc3 19. Bxd7+ Kxd7 20. bxc3 b6 21. b4 Nc6 22. g5 f5 23. Rc1 a5 24. bxa5 Nxa5 25. Kf2 Rh3 26. Raa1 g6 27. Rh1 Rch8 28. Rhb1 Kc6 29. Re1 Kb5 30. Reb1+ Kc6 31. Re1 Kb5 1/2-1/2

[Event "SVK-ch Rapid"]
[Site "Modra"]
[Date "2021.06.12"]
[Round "4"]
[White "Dusicka, Adam"]
[Black "Nestorenko, Dmitry"]
[Result "0-1"]
[WhiteElo "1722"]
[BlackElo "2162"]
[PlyCount "30"]
[EventDate "2021.06.12"]
[EventType "swiss (rapid)"]
[EventRounds "9"]
[EventCountry "SVK"]
[SourceTitle "EXT 2022"]
[Source "ChessBase"]
[SourceDate "2021.10.06"]
[SourceVersion "1"]
[SourceVersionDate "2021.10.06"]
[SourceQuality "1"]

1. d4 e6 2. Bf4 c5 3. c3 Nf6 4. Nd2 cxd4 5. cxd4 Qb6 6. e3 Qxb2 7. Bd3 Nc6 8. a3 Nd5 9. Ne2 Nxf4 10. Nxf4 d5 11. 0-0 Bd6 12. Nh5 g6 13. Ng3 0-0 14. f4 Re8 15. h3 Re7 0-1

[Event "SVK-ch Rapid"]
[Site "Modra"]
[Date "2021.06.12"]
[Round "3"]
[White "Nestorenko, Dmitry"]
[Black "Bochnicka, Vladimir1111"]
[Result "1/2-1/2"]
[WhiteElo "2162"]
[BlackElo "2215"]
[PlyCount "29"]
[EventDate "2021.06.12"]
[EventType "swiss (rapid)"]
[EventRounds "9"]
[EventCountry "SVK"]
[SourceTitle "EXT 2022"]
[Source "ChessBase"]
[SourceDate "2021.10.06"]
[SourceVersion "1"]
[SourceVersionDate "2021.10.06"]
[SourceQuality "1"]

1. e4 c5 2. c3 Nf6 3. e5 Nd5 4. d4 cxd4 5. Nf3 Nc6 6. cxd4 e6 7. Nc3 d6 8. exd6 Bxd6 9. Bd3 0-0 10. 0-0 h6 11. a3 Bd7 12. Bc2 Nce7 13. Qd3 Nf6 14. Ne5 Nf5 15. Ne4 1/2-1/2

[Event "SVK-chT1W 1920"]
[Site "Slovakia"]
[Date "2020.06.21"]
[Round "11.4"]
[White "Nestorenko, Dmitry"]
[Black "Dlhy, Jozef"]
[Result "1/2-1/2"]
[WhiteElo "2167"]
[BlackElo "2062"]
[PlyCount "68"]
[EventDate "2019.10.12"]
[EventType "team-tourn"]
[EventRounds "11"]
[EventCountry "SVK"]
[SourceTitle "EXT 2022"]
[Source "ChessBase"]
[SourceDate "2021.10.06"]
[SourceVersion "1"]
[SourceVersionDate "2021.10.06"]
[SourceQuality "1"]
[WhiteTeam "Bratislava Slovan II"]
[BlackTeam "Nitra NSK"]
[WhiteTeamCountry "SVK"]
[BlackTeamCountry "SVK"]

1. e4 c6 2. c4 e5 3. Nf3 d6 4. d4 Nd7 5. Nc3 Be7 6. Be2 Ngf6 7. 0-0 0-0 8. h3 Re8 9. Qc2 Bf8 10. Rd1 Qc7 11. Bg5 h6 12. Bh4 g6 13. b4 a5 14. b5 g5 15. Bg3 Nh5 16. Bh2 Nf4 17. Rac1 Nf6 18. Bxf4 exf4 19. e5 dxe5 20. Nxe5 c5 21. Nd5 Qd6 22. Nf3 Nxd5 23. dxc5 Qxc5 24. Rxd5 Qe7 25. Re5 Be6 26. Bd3 Bg7 27. Re2 Qc5 28. Nd2 b6 29. Ne4 Qa3 30. Nd2 Rac8 31. Be4 Red8 32. Rce1 Qc3 33. Rc1 Qxc2 34. Rxc2 Rd4 1/2-1/2

[Event "SVK-chT1W 1920"]
[Site "Slovakia"]
[Date "2020.02.22"]
[Round "8.2"]
[White "Nestorenko, Dmitry"]
[Black "Berek, Geza"]
[Result "0-1"]
[WhiteElo "2157"]
[BlackElo "2157"]
[PlyCount "58"]
[EventDate "2019.10.12"]
[EventType "team-tourn"]
[EventRounds "11"]
[EventCountry "SVK"]
[SourceTitle "CBM 195 Extra"]
[Source "ChessBase"]
[SourceDate "2020.05.31"]
[SourceVersion "1"]
[SourceVersionDate "2020.05.31"]
[SourceQuality "1"]
[WhiteTeam "Bratislava Slovan II"]
[BlackTeam "Batorove Kosihy"]
[WhiteTeamCountry "SVK"]
[BlackTeamCountry "SVK"]

1. e4 g6 2. d4 Bg7 3. h4 d5 4. e5 c5 5. c3 h5 6. Bb5+ Bd7 7. Bxd7+ Qxd7 8. Nf3 Nc6 9. 0-0 cxd4 10. cxd4 e6 11. Nc3 Nge7 12. Bg5 Nf5 13. Ne2 0-0 14. Qd2 Rfc8 15. Nh2 Qc7 16. g4 Nfxd4 17. Nxd4 Nxd4 18. gxh5 Bxe5 19. f4 Qb6 20. Kh1 Rc2 21. Qd3 Qxb2 22. Ng4 Rc3 23. Nh6+ Kg7 24. Rab1 Qa3 25. fxe5 Rf8 26. Rxb7 Nf5 27. Nxf5+ gxf5 28. Bf6+ Kh7 29. Rb3 Qxb3 0-1

[Event "SVK-chT2A 1920"]
[Site "Slovakia"]
[Date "2020.01.26"]
[Round "7.3"]
[White "Nestorenko, Dmitry"]
[Black "Zatko, Gregor"]
[Result "1-0"]
[WhiteElo "2173"]
[BlackElo "2108"]
[PlyCount "79"]
[EventDate "2019.10.26"]
[EventType "team-tourn"]
[EventRounds "11"]
[EventCountry "SVK"]
[SourceTitle "CBM 194 Extra"]
[Source "ChessBase"]
[SourceDate "2020.03.31"]
[SourceVersion "1"]
[SourceVersionDate "2020.03.31"]
[SourceQuality "1"]
[WhiteTeam "Bratislava Slovan V"]
[BlackTeam "Bratislava Doprastav II"]
[WhiteTeamCountry "SVK"]
[BlackTeamCountry "SVK"]

1. e4 c5 2. c3 Nf6 3. e5 Nd5 4. d4 cxd4 5. Nf3 Nc6 6. cxd4 d6 7. Bc4 Nb6 8. Bb5 a6 9. Bxc6+ bxc6 10. Qc2 Qc7 11. 0-0 g6 12. exd6 Qxd6 13. Bf4 Qxf4 14. Qxc6+ Bd7 15. Qxb6 Bg7 16. Nc3 0-0 17. Nd5 Qe4 18. Qc5 e6 19. Nb6 Rad8 20. Rfe1 Qb7 21. Rac1 Rb8 22. Nxd7 Qxd7 23. b3 Rfd8 24. Ne5 Bxe5 25. dxe5 Rb5 26. Qe3 Rd5 27. g3 Rd2 28. Re2 Rd3 29. Qc5 Rd1+ 30. Kg2 Qd3 31. Rxd1 Qxd1 32. Qc4 a5 33. Re3 Qd2 34. a3 Qd5+ 35. Qxd5 exd5 36. Rd3 Kf8 37. Kf3 Ke7 38. Ke3 Ke6 39. Kd4 Rc8 40. Rc3 1-0

[Event "SVK-chT1W 1920"]
[Site "Slovakia"]
[Date "2019.12.07"]
[Round "5.5"]
[White "Nestorenko, Dmitry"]
[Black "Oprea, Erik"]
[Result "0-1"]
[WhiteElo "2157"]
[BlackElo "2071"]
[PlyCount "84"]
[EventDate "2019.10.12"]
[EventType "team-tourn"]
[EventRounds "11"]
[EventCountry "SVK"]
[SourceTitle "CBM 193 Extra"]
[Source "ChessBase"]
[SourceDate "2020.01.31"]
[SourceVersion "1"]
[SourceVersionDate "2020.01.31"]
[SourceQuality "1"]
[WhiteTeam "Bratislava Slovan II"]
[BlackTeam "Bratislava Slovan III"]
[WhiteTeamCountry "SVK"]
[BlackTeamCountry "SVK"]

1. e4 d6 2. d4 Nd7 3. Be3 Ngf6 4. Nd2 e5 5. c3 Be7 6. Bd3 c6 7. f4 0-0 8. Qe2 b5 9. g4 Nb6 10. h3 Nfd7 11. 0-0-0 a5 12. Ngf3 b4 13. c4 exf4 14. Bxf4 c5 15. d5 f6 16. Rdg1 Ne5 17. g5 Nxd3+ 18. Qxd3 fxg5 19. Bxg5 Bxg5 20. Rxg5 a4 21. a3 Qf6 22. e5 dxe5 23. Rxe5 Bf5 24. Qe3 Nd7 25. Re6 Bxe6 26. Qxe6+ Qxe6 27. dxe6 Nb6 28. Re1 bxa3 29. bxa3 Rae8 30. Re5 Rf6 31. Ng5 h6 32. Ngf3 Rexe6 33. Rxc5 Rc6 34. Rxc6 Rxc6 35. Ne5 Rc5 36. Nd3 Rh5 37. c5 Nc8 38. Nc4 Rxh3 39. Ndb2 g5 40. Kd1 Kf7 41. Nxa4 Ke6 42. Nab6 Na7 0-1

[Event "SVK-chT2A 1920"]
[Site "Slovakia"]
[Date "2019.11.16"]
[Round "3.3"]
[White "Gzib, David"]
[Black "Nestorenko, Dmitry"]
[Result "0-1"]
[WhiteElo "2017"]
[BlackElo "2155"]
[PlyCount "96"]
[EventDate "2019.10.26"]
[EventType "team-tourn"]
[EventRounds "11"]
[EventCountry "SVK"]
[SourceTitle "CBM 193 Extra"]
[Source "ChessBase"]
[SourceDate "2020.01.31"]
[SourceVersion "1"]
[SourceVersionDate "2020.01.31"]
[SourceQuality "1"]
[WhiteTeam "Osuske II"]
[BlackTeam "Bratislava Slovan V"]
[WhiteTeamCountry "SVK"]
[BlackTeamCountry "SVK"]

1. e4 c5 2. Nf3 Nc6 3. Bb5 g6 4. c3 a6 5. Ba4 b5 6. Bc2 d5 7. exd5 Qxd5 8. 0-0 Bg4 9. h3 Bxf3 10. Qxf3 Qxf3 11. gxf3 f5 12. d3 Bh6 13. Bxh6 Nxh6 14. f4 0-0-0 15. Re1 Rhe8 16. Nd2 e5 17. fxe5 Nxe5 18. f4 Nd7 19. Kf2 Ng8 20. Rxe8 Rxe8 21. Re1 Rxe1 22. Kxe1 Ngf6 23. Kf2 Kc7 24. Bb3 Kd6 25. Kf3 Nb6 26. Nf1 a5 27. Ne3 a4 28. Bc2 Nbd5 29. Nxd5 Nxd5 30. a3 Kc7 31. Bb1 b4 32. cxb4 cxb4 33. axb4 Nxb4 34. Ke3 Kd6 35. Kd4 Nd5 36. Bc2 Nxf4 37. Bxa4 Nxh3 38. Ke3 g5 39. Bd1 g4 40. d4 h5 41. b4 f4+ 42. Ke2 Ng5 43. b5 g3 44. Kf1 f3 45. Bxf3 Nxf3 46. Kg2 Nxd4 47. Kxg3 Nf5+ 48. Kf4 h4 0-1

[Event "SVK-chT1W 1920"]
[Site "Slovakia"]
[Date "2019.10.13"]
[Round "2.4"]
[White "Nestorenko, Dmitry"]
[Black "Darazs, Zoltan"]
[Result "1-0"]
[WhiteElo "2157"]
[BlackElo "2015"]
[PlyCount "41"]
[EventDate "2019.10.12"]
[EventType "team-tourn"]
[EventRounds "11"]
[EventCountry "SVK"]
[SourceTitle "CBM 193 Extra"]
[Source "ChessBase"]
[SourceDate "2020.01.31"]
[SourceVersion "1"]
[SourceVersionDate "2020.01.31"]
[SourceQuality "1"]
[WhiteTeam "Bratislava Slovan II"]
[BlackTeam "Orechova Poton"]
[WhiteTeamCountry "SVK"]
[BlackTeamCountry "SVK"]

1. e4 c5 2. Nf3 Nc6 3. c3 d5 4. exd5 Qxd5 5. d4 cxd4 6. cxd4 e5 7. Nc3 Bb4 8. Bd2 Bxc3 9. Bxc3 e4 10. Ne5 Nxe5 11. dxe5 Ne7 12. Qa4+ Bd7 13. Qa3 Qe6 14. Rd1 0-0 15. Rd6 Qf5 16. Bc4 Nc6 17. Qb3 Rac8 18. e6 Na5 19. exd7 Rxc4 20. d8Q Nxb3 21. axb3 1-0

[Event "SVK-chT1W 1920"]
[Site "Slovakia"]
[Date "2019.10.12"]
[Round "1.4"]
[White "Ruck, Tamas"]
[Black "Nestorenko, Dmitry"]
[Result "1-0"]
[WhiteElo "2337"]
[BlackElo "2157"]
[PlyCount "83"]
[EventDate "2019.10.12"]
[EventType "team-tourn"]
[EventRounds "11"]
[EventCountry "SVK"]
[SourceTitle "CBM 193 Extra"]
[Source "ChessBase"]
[SourceDate "2020.01.31"]
[SourceVersion "1"]
[SourceVersionDate "2020.01.31"]
[SourceQuality "1"]
[WhiteTeam "Gabcikovo MSK"]
[BlackTeam "Bratislava Slovan II"]
[WhiteTeamCountry "SVK"]
[BlackTeamCountry "SVK"]

1. e4 c5 2. Nf3 Nc6 3. d4 cxd4 4. Nxd4 Nf6 5. Nc3 e6 6. Ndb5 Bb4 7. a3 Bxc3+ 8. Nxc3 d5 9. Bd3 dxe4 10. Nxe4 Nxe4 11. Bxe4 Qa5+ 12. Qd2 0-0 13. Qxa5 Nxa5 14. Bd2 Nc6 15. 0-0-0 e5 16. Bc3 f6 17. Rd6 Rd8 18. Rhd1 Rxd6 19. Rxd6 Kf8 20. Bxc6 bxc6 21. Bb4 Kg8 22. Bc5 a6 23. g3 Bg4 24. Rxc6 Rc8 25. Rxc8+ Bxc8 26. Kd2 Kf7 27. c4 g6 28. a4 Bd7 29. b3 Ke8 30. Kc3 Bg4 31. Kd2 Bd7 32. Bd6 Bc6 33. Kc3 Kd7 34. Bf8 Bf3 35. Bg7 Ke6 36. b4 Bd1 37. b5 a5 38. c5 f5 39. c6 Bg4 40. Kc4 Bd1 41. b6 Kd6 42. b7 1-0

[Event "SVK-chT1W 1819"]
[Site "Slovakia"]
[Date "2019.02.02"]
[Round "7.4"]
[White "Nestorenko, Dmitry"]
[Black "Rohacek, Miroslav"]
[Result "1/2-1/2"]
[WhiteElo "2146"]
[BlackElo "2234"]
[PlyCount "64"]
[EventDate "2018.10.27"]
[EventType "team-tourn"]
[EventRounds "11"]
[EventCountry "SVK"]
[SourceTitle "CBM 188 Extra"]
[Source "ChessBase"]
[SourceDate "2019.02.26"]
[SourceVersion "1"]
[SourceVersionDate "2019.02.26"]
[SourceQuality "1"]
[WhiteTeam "Bratislava Slovan III"]
[BlackTeam "Bratislava KSN"]
[WhiteTeamCountry "SVK"]
[BlackTeamCountry "SVK"]

1. e4 e5 2. Nf3 Nc6 3. c3 d5 4. Qa4 f6 5. d3 Be6 6. Be2 Bd6 7. exd5 Bxd5 8. d4 exd4 9. Nxd4 Qd7 10. 0-0 Nge7 11. Be3 Nxd4 12. Qxd7+ Kxd7 13. Bxd4 Nf5 14. Bg4 Be6 15. Rd1 Nxd4 16. Rxd4 f5 17. Bf3 c6 18. Nd2 Kc7 19. Nb3 b6 20. Re1 Rhe8 21. Rdd1 Rad8 22. Nd4 Bd7 23. g3 c5 24. Nc2 Rxe1+ 25. Rxe1 Bf8 26. Bd5 Ba4 27. Ne3 g6 28. b3 Bc6 29. c4 Re8 30. Bxc6 Kxc6 31. Kf1 Bg7 32. Nd5 Rxe1+ 1/2-1/2

[Event "SVK-chT1W 1819"]
[Site "Slovakia"]
[Date "2019.01.12"]
[Round "5.4"]
[White "Travenec, Igor"]
[Black "Nestorenko, Dmitry"]
[Result "1/2-1/2"]
[WhiteElo "2106"]
[BlackElo "2151"]
[PlyCount "43"]
[EventDate "2018.10.27"]
[EventType "team-tourn"]
[EventRounds "11"]
[EventCountry "SVK"]
[SourceTitle "CBM 188 Extra"]
[Source "ChessBase"]
[SourceDate "2019.02.26"]
[SourceVersion "1"]
[SourceVersionDate "2019.02.26"]
[SourceQuality "1"]
[WhiteTeam "Bratislava Slovan II"]
[BlackTeam "Bratislava Slovan III"]
[WhiteTeamCountry "SVK"]
[BlackTeamCountry "SVK"]

1. e4 e6 2. d4 c5 3. d5 Nf6 4. Nc3 exd5 5. Nxd5 Nc6 6. Bg5 Be7 7. Nxe7 Qxe7 8. f3 Qe5 9. Bxf6 Qxf6 10. c3 b6 11. Qd2 Bb7 12. 0-0-0 0-0-0 13. Nh3 Ne7 14. c4 h6 15. Qf4 Qxf4+ 16. Nxf4 f5 17. Bd3 fxe4 18. Bxe4 Bxe4 19. fxe4 Rhf8 20. Rhf1 g5 21. Nd5 Nc6 22. Rf5 1/2-1/2